| 000 | 02615cam a2200349 i 4500 | ||
|---|---|---|---|
| 001 | 768714001 | ||
| 003 | CO-MdFUSB | ||
| 005 | 20220630141921.0 | ||
| 007 | ta | ||
| 008 | 031009t2003 miua b 001 0 eng | ||
| 020 | _a0802812694 | ||
| 040 |
_aDLC _cCO-MdFUSB _dCWS _dBAKER _dNLGGC _dBTCTA _dYDXCP _dLVB _dIG# _dUtOrBLW _bspa _erda |
||
| 041 | _aeng | ||
| 082 |
_223 _a220.601 _bAR784 |
||
| 245 | 0 | 4 |
_aThe art of reading scripture / _cedited by Ellen F. Davis and Richard B. Hays. |
| 264 | 1 |
_aGrand Rapids, Mich. : _bEerdmans, _c[2003] |
|
| 264 | 4 | _c© 2003 | |
| 300 |
_a334 páginas : _bilustraciones ; _c24 cm. |
||
| 336 |
_atexto _btxt _2rdacontent. |
||
| 337 |
_asin mediación _bn _2rdamedia. |
||
| 338 |
_avolumen _bnc _2rdacarrier. |
||
| 504 | _aIncluye referencias bibliográficas (p. 326-328) e índice. | ||
| 505 | _aEnseñar la Biblia confesionalmente en la iglesia / Ellen F. Davis -- La autoridad de las Escrituras en la iglesia / Robert W. Jenson -- Leer las Escrituras como una historia coherente / Richard Bauckham -- Descubrir una segunda narrativa: ficción detectivesca y la construcción del método histórico / David C. Steinmetz -- ¿Sigue siendo útil la exégesis patrística? Algunas reflexiones sobre la interpretación cristiana primitiva de los Salmos / Brian E. Daley -- Cristo era como San Francisco / James C. Howell -- Leer fielmente las Escrituras en una época posmoderna / William Stacy Johnson -- Predicar fielmente las Escrituras en una era posmoderna Iglesia de la cristiandad / Christine McSpadden -- Incorporando las escrituras en la comunidad de fe / L. Gregory Jones -- Tradición crítica: buscando una hermenéutica bíblica interna / Ellen F. Davis -- Viviendo peligrosamente: Génesis 22 y la búsqueda de una buena interpretación bíblica / RWL Moberly -- José y la pasión de nuestro Señor / Gary A. Anderson -- Lectura de las Escrituras a la luz de la resurrección / Richard B. Hays -- ¿Cómo podemos conocer la verdad? Un estudio de Juan 7:14-18 / R. W. L. Moberly -- "Los suyos no le recibieron": Jesús lava los pies de sus discípulos / Marianne Meye Thompson -- Vulnerabilidad, la condición del pacto; violencia autoinfligida; Prisionero de esperanza / Ellen F. Davis -- ¿Quién es el Dios que te librará? ; neto; Ya sea que vivamos o muramos, somos del Señor / Richard B. Hayes. | ||
| 563 | _aRústico | ||
| 650 | 7 |
_9418 _aHermenéutica |
|
| 650 | 7 |
_9404 _aBiblia _xCrítica, interpretación, etc. |
|
| 700 | 1 |
_aDavis, Ellen F. _eeditor |
|
| 700 | 1 |
_aHays, Richard B. _eeditor |
|
| 942 | _cBK | ||
| 945 | _aJTF-925 | ||
| 999 |
_c67598 _d67598 |
||